Finish the Lyrics - In The Stars (Benson Boone) - Statistics

General Stats
  • This quiz has been taken 646 times
  • The average score is 21 of 38
Answer Stats
Hint Answer % Correct
Sunday mornings were ____ _________ your favorite
94%
Even though it's only ______ where we were going church
89%
You did your hair up like ___ ____ ______ you were famous
89%
Now, Sunday mornings I just _____ __ sleep in
86%
I don't wanna ___ _______ 'cause this one means forever say goodbye
83%
Now you're __ ___ _____ in the stars
82%
'Cause I ____ ____ what else I can do don't know
81%
I'm still holding on to __________ _____ dead and gone everything that's
81%
I used to ____ ___ ____ on Woods Creek Road meet you down
81%
I'm screaming at _ ___ a god
79%
I don't know if _ _______ in I believe
77%
Here I am alone between the heavens and the ______ embers
73%
It's like I ______ __ _____ with you buried my faith
72%
And ___ _____ never felt so far six feet's
69%
You took the best __ __ _____ of my heart
68%
Oh, it _____ __ ___, for a million different reasons hurts so hard
67%
And left the rest __ ______ in pieces
67%
A crumpled 20 still __ ___ ___ in the box
59%
Digging through your ___ ________ letters old birthday
58%
I'm _____ _______ on to everything that's dead and gone still holding
53%
I don't wanna say goodbye _____ ____ one means forever 'cause this
50%
I don't think ____ _ _____ ever find a way to spend it that I could
49%
Even if it's the last 20 ____ ___ ___, Oh that I've got
49%
And six feet's _____ ____ so far never felt
46%
___ _____ in the stars Now you're
42%
You took ___ ____ of my heart the best
42%
Oh, it hurts so hard, ___ _ _______ different reasons for a million
40%
Here I am _____ _______ the heavens and the embers alone between
39%
I'm still _______ _______ _______ on (3x) holding
39%
And ____ ___ rest in pieces left the
38%
I'm still holding on to everything that's ____ ___ ____ dead and gone
33%
_ ____ _____ say goodbye 'cause this one means forever I don't wanna
29%
And six feet's never felt __ ___ so far
27%
Here I am alone between ___ _______ and the embers the heavens
26%
Now _____ __ the stars you're in
26%
Oh, it hurts so hard, for a million _________ _______ different reasons
22%
___ ____ the best of my heart You took
20%
And left the ____ __ pieces rest in
19%
No matching quizzes found
Score Distribution
Percent of People with Each Score
Percentile by Number Answered
Your Score History
You have not taken this quiz